| 000 | 00439 a2200133 4500 | ||
|---|---|---|---|
| 005 | 20250629140510.0 | ||
| 020 | _a978-0-06-239085-1 | ||
| 082 | _a006.312 STE | ||
| 100 | _aSTEPHENS-DAVIDOWITZ, S | ||
| 245 | _aEverybody Lies: Big Data, New Data, and What the Internet can tell us about who we really are | ||
| 260 |
_aNew York _bHarper Collins Publishers _c2017. |
||
| 300 |
_axi,338p: ill.; Figures, Pictures _bIndex _c21cm |
||
| 942 |
_2ddc _cBKS |
||
| 999 |
_c6385 _d6385 |
||